Państwa na literę C - Statystyki

Ogólne statystyki
  • Ten quiz został rozwiązany 179 razy
  • Średni wynik to 6 z 7
Statystyki odpowiedzi
Państwo Kontynent Powierzchnia Liczba ludności % Poprawnych
Czechy Europa 78 866 km² 10 532 770
99%
Chiny Azja 9 596 960 km² 1 347 374 752
92%
Chile Ameryka Południowa 756 950 km² 16 601 707
91%
Chorwacja Europa 56 542 km² 4 437 460
89%
Czad Afryka 1 284 000 km² 10 758 945
88%
Czarnogóra Europa 13 812 km² 672 180
88%
Cypr Azja 9250 km² 794 600
73%
Nie znaleziono quizów pasujących do podanych kryteriów
Rozkład punktacji
Procent ludzi z każdym wynikiem
Percentyl według liczby udzielonych odpowiedzi
Twoja historia wyników
Nie rozwiązałeś tego quizu